00949cam a2200241 a 450000100100000000500170001000800410002701000130006802000150008104000230009604200140011905000250013310000370015824500700019526000570026530000210032249000660034360000550040983000810046491000340054595201110057999900170069000001585220200929164158.0890825s1988 sp b 000 0 spa d a89179601 a8478200134 aDO-SdBNPcDLCdDLC alccopycat04aZ8449.75b.D665 19882 aDominguez Lasierra, Juan.93567510aEnsayo de una bibliografia jarnesiana /cJuan Dominguez Lasierra. aZaragoza :bInstitucion Fernando el Catolico,c1988. a138 p. ;c22 cm.1 aPublicacion num. 1.177 de la Institucion Fernando el Catolico10aJarnes, Benjamin,d1888-1950xBibliography.935676 0aPublicacion ... de la Institucion "Fernando el Catolico" ;vno. 1177.919262 aCatalogación por copia / LC 001052708MOaGRbGRcCTd2010-02-19iLF1l0o p15852-10r2020-06-25w2020-06-25y2ZPréstamo interno c15396d15396